The conservation handbook : Research, management and policy
A clear guidebook on the implementation of conservation techniques. Uses nineteen case studies to illustrate a range of methods for ecological research, monitoring, planning, education, habitat management and combining conservation with development. These case studies show how these methods are put...
Đã lưu trong:
| Định dạng: | Sách |
|---|---|
| Ngôn ngữ: | Undetermined |
| Được phát hành: |
Oxford
Blackwell
2000
|
| Những chủ đề: | |
| Các nhãn: |
Thêm thẻ
Không có thẻ, Là người đầu tiên thẻ bản ghi này!
|
| Thư viện lưu trữ: | Trung tâm Học liệu Trường Đại học Cần Thơ |
|---|
| LEADER | 00850nam a2200193Ia 4500 | ||
|---|---|---|---|
| 001 | CTU_141692 | ||
| 008 | 210402s9999 xx 000 0 und d | ||
| 082 | |a 333.9516 | ||
| 082 | |b S966 | ||
| 245 | 4 | |a The conservation handbook : | |
| 245 | 0 | |b Research, management and policy | |
| 245 | 0 | |c William J. Sutherland | |
| 260 | |a Oxford | ||
| 260 | |b Blackwell | ||
| 260 | |c 2000 | ||
| 520 | |a A clear guidebook on the implementation of conservation techniques. Uses nineteen case studies to illustrate a range of methods for ecological research, monitoring, planning, education, habitat management and combining conservation with development. These case studies show how these methods are put into action. Softcover | ||
| 650 | |a Biological diversity conservation | ||
| 904 | |i Bạch Trúc | ||
| 980 | |a Trung tâm Học liệu Trường Đại học Cần Thơ | ||